000 01234cam a22002894a 4500
999 _c11926
_d11926
003 OSt
005 20231116145242.0
008 030204s2003 nyua b 000 0 eng
020 _a9781568983653
040 _aBMSCA
041 _aeng
082 0 0 _a720.105
_221
_bPIC
245 0 0 _aArchitecture and the sciences :
_bexchanging metaphors /
_cAntoine Picon and Alessandra Ponte, editors ; foreword by Ralph Lerner.
250 _a1st ed.
260 _aNew York, N.Y. :
_bPrinceton Architectural Press ;
_aPrinceton, N.J. :
_bPrinceton University School of Architecture,
_cc2003.
300 _a357 p. :
_bill. ;
_c23 cm.
440 0 _aPrinceton papers on architecture ;
_v4
500 _aBook emerged from a symposium sponsored by the School of Architecture at Princeton University during November 2000.
504 _aIncludes bibliographical references.
650 0 _aArchitecture and science.
650 0 _aArchitectural design.
700 1 _aPicon, Antoine.
700 1 _aPonte, Alessandra.
856 4 2 _3Publisher description
_uhttp://www.loc.gov/catdir/enhancements/fy0722/2003002305-d.html
856 4 2 _3Contributor biographical information
_uhttp://www.loc.gov/catdir/enhancements/fy0738/2003002305-b.html
942 _2ddc